000 00806nam a2200265Ia 4500
003 OSt
005 20220928131109.0
006 a|||||r|||| 00| 0
007 ta
008 220927b |||||||| |||| 00| 0 eng d
020 _c9758.75
024 _a112800
037 _b127, 24/10/2011, Pioneer Book Distributors
_cTextual
040 _aSDCL
_cSDCL
_beng
041 _2eng
_aeng
082 _aR2, Q1
100 _aBernecker Sven Ed.
_9474670
245 0 _aRoutledge companion to epistemology.
260 _aLondon
_bRoutledge
_c2011
300 _axxiii,911p.
_ccm.
650 _aPhilosophy
700 _a Pritchard Duncan Ed.
_9457946
942 _hR2, Q1
_cTEXL
_2CC
999 _c789556
_d789556